[Event "April 9 Early 2024"]
[Site "Chess.com"]
[Date "2024.04.09"]
[Round "10"]
[White "Wu, Derek"]
[Black "Smiech, Sara"]
[Result "0-1"]
[Board "111"]
[WhiteFideId "30914558"]
[BlackFideId "91102863"]
[WhiteTitle "FM"]
[WhiteElo "2640"]
[BlackElo "2459"]
[WhiteTeam "USA"]
[BlackTeam "POL"]
[WhiteClock "0:01:05"]
[BlackClock "0:00:14"]
[Variant "Standard"]

1. d4 {[%clk 0:03:00]}  Nf6 {[%clk 0:02:53]} 2. c4 {[%clk 0:03:00]}  c5 {[%clk 0:02:51]} 3. d5 {[%clk 0:03:00]}  e6 {[%clk 0:02:47]} 4. Nc3 {[%clk 0:03:00]}  exd5 {[%clk 0:02:46]} 5. cxd5 {[%clk 0:03:01]}  d6 {[%clk 0:02:47]} 6. Nf3 {[%clk 0:02:59]}  g6 {[%clk 0:02:47]} 7. Bf4 {[%clk 0:02:59]}  Bg7 {[%clk 0:02:47]} 8. Qa4+ {[%clk 0:02:58]}  Bd7 {[%clk 0:02:46]} 9. Qb3 {[%clk 0:02:58]}  Qc7 {[%clk 0:02:47]} 10. e4 {[%clk 0:02:58]}  O-O {[%clk 0:02:46]} 11. Nd2 {[%clk 0:02:57]}  Nh5 {[%clk 0:02:45]} 12. Be3 {[%clk 0:02:55]}  f5 {[%clk 0:02:45]} 13. exf5 {[%clk 0:02:39]}  gxf5 {[%clk 0:02:45]} 14. Be2 {[%clk 0:02:35]}  f4 {[%clk 0:02:45]} 15. Bxh5 {[%clk 0:02:34]}  fxe3 {[%clk 0:02:45]} 16. fxe3 {[%clk 0:02:35]}  b5 {[%clk 0:02:16]} 17. Nxb5 {[%clk 0:02:20]}  Bxb5 {[%clk 0:02:14]} 18. Qxb5 {[%clk 0:02:21]}  Qe7 {[%clk 0:02:15]} 19. Qd3 {[%clk 0:02:00]}  Qh4+ {[%clk 0:02:11]} 20. g3 {[%clk 0:01:57]}  Qxh5 {[%clk 0:02:11]} 21. Nc4 {[%clk 0:01:53]}  Nd7 {[%clk 0:02:05]} 22. Qe2 {[%clk 0:01:46]}  Qxd5 {[%clk 0:02:01]} 23. e4 {[%clk 0:01:41]}  Qg5 {[%clk 0:01:57]} 24. Nxd6 {[%clk 0:01:38]}  Ne5 {[%clk 0:01:52]} 25. Nf5 {[%clk 0:01:38]}  c4 {[%clk 0:01:31]} 26. O-O {[%clk 0:01:37]}  Qg4 {[%clk 0:01:23]} 27. Qe3 {[%clk 0:01:30]}  Rad8 {[%clk 0:01:09]} 28. Rf4 {[%clk 0:01:29]}  Rd1+ {[%clk 0:01:08]} 29. Kg2 {[%clk 0:01:20]}  Rxa1 {[%clk 0:00:54]} 30. Rxg4 {[%clk 0:01:20]}  Nxg4 {[%clk 0:00:54]} 31. Qg5 {[%clk 0:01:19]}  Rxf5 {[%clk 0:00:42]} 32. exf5 {[%clk 0:01:20]}  Nf6 {[%clk 0:00:41]} 33. Qf4 {[%clk 0:01:19]}  c3 {[%clk 0:00:20]} 34. Qc4+ {[%clk 0:01:19]}  Kf8 {[%clk 0:00:18]} 35. bxc3 {[%clk 0:01:18]}  Rc1 {[%clk 0:00:15]} 36. Qc5+ {[%clk 0:01:12]}  Kf7 {[%clk 0:00:15]} 37. Qxa7+ {[%clk 0:01:13]}  Kg8 {[%clk 0:00:14]} 38. Qa8+ {[%clk 0:01:12]}  Bf8 {[%clk 0:00:14]} 39. Qa3 {[%clk 0:01:10]}  Rc2+ {[%clk 0:00:13]} 40. Kf3 {[%clk 0:01:05]}  Bxa3 {[%clk 0:00:14]} 0-1

[Event "April 9 Early 2024"]
[Site "Chess.com"]
[Date "2024.04.09"]
[Round "10"]
[White "Mazurkiewicz, Michal"]
[Black "Jaiveer Mahendru"]
[Result "1-0"]
[Board "116"]
[WhiteFideId "1124943"]
[BlackFideId "25611151"]
[WhiteTitle "CM"]
[BlackTitle "FM"]
[WhiteElo "2432"]
[BlackElo "2589"]
[WhiteTeam "POL"]
[BlackTeam "IND"]
[WhiteClock "0:00:09"]
[BlackClock "0:00:09"]
[Variant "Standard"]

1. e4 {[%clk 0:02:58]}  e6 {[%clk 0:03:00]} 2. d3 {[%clk 0:02:58]}  d5 {[%clk 0:03:00]} 3. Nd2 {[%clk 0:02:58]}  Nc6 {[%clk 0:03:01]} 4. Ngf3 {[%clk 0:02:59]}  Nf6 {[%clk 0:03:01]} 5. c3 {[%clk 0:02:59]}  Bd6 {[%clk 0:02:59]} 6. Qe2 {[%clk 0:02:58]}  e5 {[%clk 0:02:56]} 7. b4 {[%clk 0:02:57]}  a6 {[%clk 0:02:55]} 8. a3 {[%clk 0:02:57]}  O-O {[%clk 0:02:54]} 9. g3 {[%clk 0:02:57]}  Re8 {[%clk 0:02:52]} 10. Bg2 {[%clk 0:02:57]}  dxe4 {[%clk 0:02:48]} 11. dxe4 {[%clk 0:02:57]}  Bd7 {[%clk 0:02:48]} 12. Nc4 {[%clk 0:02:56]}  Qe7 {[%clk 0:02:47]} 13. O-O {[%clk 0:02:55]}  Rad8 {[%clk 0:02:47]} 14. Rd1 {[%clk 0:02:51]}  b5 {[%clk 0:02:43]} 15. Nxd6 {[%clk 0:02:50]}  cxd6 {[%clk 0:02:43]} 16. a4 {[%clk 0:02:50]}  Nb8 {[%clk 0:02:42]} 17. axb5 {[%clk 0:02:48]}  axb5 {[%clk 0:02:43]} 18. Ra7 {[%clk 0:02:37]}  Qe6 {[%clk 0:02:07]} 19. Ng5 {[%clk 0:02:28]}  Qb3 {[%clk 0:02:07]} 20. Ra3 {[%clk 0:02:20]}  Qc4 {[%clk 0:01:56]} 21. Qxc4 {[%clk 0:02:01]}  bxc4 {[%clk 0:01:57]} 22. Rxd6 {[%clk 0:01:43]}  Bc6 {[%clk 0:01:57]} 23. Rxd8 {[%clk 0:01:39]}  Rxd8 {[%clk 0:01:58]} 24. Bf3 {[%clk 0:01:36]}  h6 {[%clk 0:01:56]} 25. Nh3 {[%clk 0:01:31]}  Bxe4 {[%clk 0:01:55]} 26. Bxe4 {[%clk 0:01:31]}  Nxe4 {[%clk 0:01:56]} 27. Be3 {[%clk 0:01:29]}  Kh7 {[%clk 0:01:44]} 28. Kg2 {[%clk 0:01:23]}  Rd3 {[%clk 0:01:40]} 29. Ra8 {[%clk 0:00:54]}  Nd7 {[%clk 0:01:38]} 30. b5 {[%clk 0:00:48]}  Rxc3 {[%clk 0:01:37]} 31. Ra7 {[%clk 0:00:30]}  Ndc5 {[%clk 0:01:27]} 32. Rc7 {[%clk 0:00:23]}  Ne6 {[%clk 0:01:12]} 33. Rxf7 {[%clk 0:00:24]}  Kg6 {[%clk 0:01:02]} 34. Rd7 {[%clk 0:00:17]}  Rb3 {[%clk 0:01:02]} 35. b6 {[%clk 0:00:17]}  Kf6 {[%clk 0:00:45]} 36. Ng1 {[%clk 0:00:16]}  N6c5 {[%clk 0:00:42]} 37. Rc7 {[%clk 0:00:16]}  Ne6 {[%clk 0:00:42]} 38. Rc6 {[%clk 0:00:15]}  Ke7 {[%clk 0:00:41]} 39. Nf3 {[%clk 0:00:16]}  c3 {[%clk 0:00:27]} 40. Nxe5 {[%clk 0:00:16]}  Rb2 {[%clk 0:00:26]} 41. Kf3 {[%clk 0:00:13]}  N4g5+ {[%clk 0:00:25]} 42. Kg4 {[%clk 0:00:10]}  c2 {[%clk 0:00:22]} 43. Bc1 {[%clk 0:00:08]}  Rb4+ {[%clk 0:00:22]} 44. f4 {[%clk 0:00:07]}  Ke8 {[%clk 0:00:18]} 45. Rxc2 {[%clk 0:00:08]}  Ke7 {[%clk 0:00:16]} 46. Rb2 {[%clk 0:00:08]}  Rxb2 {[%clk 0:00:13]} 47. Bxb2 {[%clk 0:00:09]}  Ne4 {[%clk 0:00:09]} 48. b7 {[%clk 0:00:09]} 1-0

[Event "April 9 Early 2024"]
[Site "Chess.com"]
[Date "2024.04.09"]
[Round "10"]
[White "Glidzhain, Gor"]
[Black "Osinovsky, Stepan"]
[Result "1-0"]
[Board "118"]
[WhiteFideId "24109932"]
[BlackFideId "4157354"]
[WhiteTitle "FM"]
[WhiteElo "2556"]
[BlackElo "2411"]
[WhiteTeam "RUS"]
[BlackTeam "RUS"]
[WhiteClock "0:00:13"]
[BlackClock "0:00:06"]
[Variant "Standard"]

1. e4 {[%clk 0:03:00]}  e5 {[%clk 0:02:57]} 2. Nf3 {[%clk 0:03:00]}  Nc6 {[%clk 0:02:57]} 3. Bc4 {[%clk 0:02:59]}  Nf6 {[%clk 0:02:58]} 4. d3 {[%clk 0:02:59]}  Be7 {[%clk 0:02:57]} 5. O-O {[%clk 0:02:58]}  d5 {[%clk 0:02:58]} 6. exd5 {[%clk 0:02:57]}  Nxd5 {[%clk 0:02:58]} 7. Re1 {[%clk 0:02:56]}  Bg4 {[%clk 0:02:49]} 8. h3 {[%clk 0:02:52]}  Bh5 {[%clk 0:02:42]} 9. g4 {[%clk 0:02:40]}  Bg6 {[%clk 0:02:42]} 10. Nxe5 {[%clk 0:02:37]}  Nxe5 {[%clk 0:02:43]} 11. Rxe5 {[%clk 0:02:36]}  Nb6 {[%clk 0:02:43]} 12. Bb3 {[%clk 0:02:25]}  O-O {[%clk 0:02:42]} 13. Nc3 {[%clk 0:02:17]}  Kh8 {[%clk 0:02:42]} 14. Qf3 {[%clk 0:01:17]}  f5 {[%clk 0:02:18]} 15. Be3 {[%clk 0:00:57]}  fxg4 {[%clk 0:01:57]} 16. Qxg4 {[%clk 0:00:55]}  Nd7 {[%clk 0:01:58]} 17. Rd5 {[%clk 0:00:47]}  Bd6 {[%clk 0:01:56]} 18. Bg5 {[%clk 0:00:33]}  Nf6 {[%clk 0:01:54]} 19. Qh4 {[%clk 0:00:32]}  Qd7 {[%clk 0:00:44]} 20. Rd4 {[%clk 0:00:23]}  Rae8 {[%clk 0:00:41]} 21. Ne4 {[%clk 0:00:20]}  Nxe4 {[%clk 0:00:39]} 22. dxe4 {[%clk 0:00:18]}  Bh2+ {[%clk 0:00:39]} 23. Kxh2 {[%clk 0:00:17]}  Qxd4 {[%clk 0:00:40]} 24. Be3 {[%clk 0:00:14]}  Qxe4 {[%clk 0:00:39]} 25. Qxe4 {[%clk 0:00:14]}  Bxe4 {[%clk 0:00:38]} 26. Rg1 {[%clk 0:00:15]}  b6 {[%clk 0:00:34]} 27. Bd4 {[%clk 0:00:15]}  Bg6 {[%clk 0:00:35]} 28. h4 {[%clk 0:00:14]}  Re7 {[%clk 0:00:33]} 29. Rg5 {[%clk 0:00:13]}  Be4 {[%clk 0:00:32]} 30. h5 {[%clk 0:00:12]}  Rf5 {[%clk 0:00:31]} 31. Rxf5 {[%clk 0:00:12]}  Bxf5 {[%clk 0:00:31]} 32. h6 {[%clk 0:00:13]}  Be6 {[%clk 0:00:30]} 33. hxg7+ {[%clk 0:00:12]}  Kg8 {[%clk 0:00:30]} 34. Kg3 {[%clk 0:00:12]}  Bxb3 {[%clk 0:00:29]} 35. axb3 {[%clk 0:00:13]}  Re2 {[%clk 0:00:28]} 36. f4 {[%clk 0:00:12]}  Rxc2 {[%clk 0:00:27]} 37. f5 {[%clk 0:00:12]}  Kf7 {[%clk 0:00:27]} 38. f6 {[%clk 0:00:12]}  Rd2 {[%clk 0:00:25]} 39. Bc3 {[%clk 0:00:11]}  Rd8 {[%clk 0:00:20]} 40. Kg4 {[%clk 0:00:11]}  a5 {[%clk 0:00:19]} 41. Kh5 {[%clk 0:00:11]}  Rd1 {[%clk 0:00:17]} 42. Kh6 {[%clk 0:00:11]}  Rh1+ {[%clk 0:00:17]} 43. Kg5 {[%clk 0:00:09]}  Rg1+ {[%clk 0:00:17]} 44. Kf5 {[%clk 0:00:09]}  h5 {[%clk 0:00:16]} 45. Bd4 {[%clk 0:00:09]}  Rg2 {[%clk 0:00:16]} 46. Be5 {[%clk 0:00:08]}  c6 {[%clk 0:00:15]} 47. Kf4 {[%clk 0:00:08]}  h4 {[%clk 0:00:15]} 48. Kf3 {[%clk 0:00:09]}  Rg6 {[%clk 0:00:15]} 49. Bd4 {[%clk 0:00:07]}  h3 {[%clk 0:00:15]} 50. Be5 {[%clk 0:00:07]}  Rxf6+ {[%clk 0:00:14]} 51. Bxf6 {[%clk 0:00:06]}  b5 {[%clk 0:00:11]} 52. Bc3 {[%clk 0:00:07]}  b4 {[%clk 0:00:08]} 53. Bd4 {[%clk 0:00:07]}  c5 {[%clk 0:00:08]} 54. Bxc5 {[%clk 0:00:07]}  Kxg7 {[%clk 0:00:08]} 55. Kg3 {[%clk 0:00:07]}  Kf6 {[%clk 0:00:08]} 56. Bb6 {[%clk 0:00:07]}  a4 {[%clk 0:00:06]} 57. bxa4 {[%clk 0:00:07]}  Ke5 {[%clk 0:00:07]} 58. Kxh3 {[%clk 0:00:07]}  Kd5 {[%clk 0:00:07]} 59. a5 {[%clk 0:00:08]}  Kc6 {[%clk 0:00:07]} 60. Kg3 {[%clk 0:00:09]}  Kb5 {[%clk 0:00:07]} 61. Kf3 {[%clk 0:00:09]}  Kc4 {[%clk 0:00:07]} 62. Ke3 {[%clk 0:00:10]}  Kb3 {[%clk 0:00:08]} 63. a6 {[%clk 0:00:10]}  Kxb2 {[%clk 0:00:08]} 64. a7 {[%clk 0:00:10]}  Kc2 {[%clk 0:00:09]} 65. a8=Q {[%clk 0:00:11]}  b3 {[%clk 0:00:10]} 66. Qc6+ {[%clk 0:00:10]}  Kb1 {[%clk 0:00:10]} 67. Bd4 {[%clk 0:00:11]}  Ka2 {[%clk 0:00:08]} 68. Qc3 {[%clk 0:00:12]}  Ka3 {[%clk 0:00:08]} 69. Qb2+ {[%clk 0:00:13]}  Kb4 {[%clk 0:00:08]} 70. Kd3 {[%clk 0:00:13]}  Ka4 {[%clk 0:00:06]} 71. Kc4 {[%clk 0:00:12]}  Ka5 {[%clk 0:00:06]} 72. Qa3# {[%clk 0:00:13]} 1-0

[Event "April 9 Early 2024"]
[Site "Chess.com"]
[Date "2024.04.09"]
[Round "10"]
[White "Sodol, Georgiy"]
[Black "Bambino Filho, Antonio Carlos"]
[Result "1-0"]
[Board "121"]
[WhiteFideId "14115212"]
[BlackFideId "2113163"]
[WhiteTitle "FM"]
[WhiteElo "2408"]
[BlackElo "2535"]
[WhiteTeam "UKR"]
[BlackTeam "BRA"]
[WhiteClock "0:01:25"]
[BlackClock "0:01:09"]
[Variant "Standard"]

1. e4 {[%clk 0:03:00]}  e5 {[%clk 0:03:00]} 2. Nf3 {[%clk 0:03:00]}  Nc6 {[%clk 0:03:00]} 3. Bc4 {[%clk 0:02:58]}  Nf6 {[%clk 0:03:00]} 4. Ng5 {[%clk 0:02:57]}  d5 {[%clk 0:02:59]} 5. exd5 {[%clk 0:02:57]}  Na5 {[%clk 0:03:00]} 6. Bb5+ {[%clk 0:02:57]}  c6 {[%clk 0:03:00]} 7. dxc6 {[%clk 0:02:58]}  bxc6 {[%clk 0:03:01]} 8. Bd3 {[%clk 0:02:58]}  h6 {[%clk 0:02:59]} 9. Ne4 {[%clk 0:02:56]}  Nd5 {[%clk 0:02:59]} 10. O-O {[%clk 0:02:53]}  Nf4 {[%clk 0:02:51]} 11. Be2 {[%clk 0:02:50]}  f5 {[%clk 0:02:47]} 12. Ng3 {[%clk 0:02:47]}  Bc5 {[%clk 0:02:41]} 13. c3 {[%clk 0:02:43]}  Nb7 {[%clk 0:02:34]} 14. d4 {[%clk 0:02:42]}  Bb6 {[%clk 0:02:24]} 15. Bh5+ {[%clk 0:02:22]}  Kf8 {[%clk 0:02:18]} 16. dxe5 {[%clk 0:02:17]}  Nd3 {[%clk 0:01:55]} 17. Qe2 {[%clk 0:01:55]}  Bxf2+ {[%clk 0:01:36]} 18. Rxf2 {[%clk 0:01:51]}  Nxc1 {[%clk 0:01:37]} 19. Qc4 {[%clk 0:01:27]}  Qg5 {[%clk 0:01:09]} 20. Qf7# {[%clk 0:01:25]} 1-0

[Event "April 9 Early 2024"]
[Site "Chess.com"]
[Date "2024.04.09"]
[Round "10"]
[White "Matveeva, Olga"]
[Black "Valle Luis, Leo"]
[Result "0-1"]
[Board "124"]
[WhiteFideId "24107018"]
[BlackFideId "54577187"]
[WhiteTitle "WIM"]
[BlackTitle "FM"]
[WhiteElo "2371"]
[BlackElo "2526"]
[WhiteTeam "RUS"]
[BlackTeam "ESP"]
[WhiteClock "0:00:00"]
[BlackClock "0:00:13"]
[Variant "Standard"]

1. d4 {[%clk 0:02:59]}  Nf6 {[%clk 0:02:57]} 2. c4 {[%clk 0:02:58]}  e6 {[%clk 0:02:57]} 3. g3 {[%clk 0:02:58]}  c5 {[%clk 0:02:57]} 4. d5 {[%clk 0:02:58]}  exd5 {[%clk 0:02:57]} 5. cxd5 {[%clk 0:02:59]}  d6 {[%clk 0:02:58]} 6. Nc3 {[%clk 0:02:58]}  g6 {[%clk 0:02:58]} 7. Bg2 {[%clk 0:02:59]}  Bg7 {[%clk 0:02:59]} 8. Nf3 {[%clk 0:02:59]}  O-O {[%clk 0:02:59]} 9. O-O {[%clk 0:02:59]}  a6 {[%clk 0:02:55]} 10. a4 {[%clk 0:02:58]}  Re8 {[%clk 0:02:54]} 11. Nd2 {[%clk 0:02:58]}  Nbd7 {[%clk 0:02:53]} 12. h3 {[%clk 0:02:57]}  Rb8 {[%clk 0:02:49]} 13. Nc4 {[%clk 0:02:57]}  Nb6 {[%clk 0:02:48]} 14. Ne3 {[%clk 0:02:55]}  Bd7 {[%clk 0:02:44]} 15. a5 {[%clk 0:02:54]}  Na8 {[%clk 0:02:43]} 16. Nc4 {[%clk 0:02:50]}  Bb5 {[%clk 0:02:43]} 17. Ne3 {[%clk 0:02:42]}  Nc7 {[%clk 0:02:39]} 18. Qc2 {[%clk 0:02:37]}  Qd7 {[%clk 0:02:28]} 19. Rd1 {[%clk 0:02:33]}  Re7 {[%clk 0:02:26]} 20. b3 {[%clk 0:02:28]}  Rbe8 {[%clk 0:01:57]} 21. Ra2 {[%clk 0:02:22]}  h5 {[%clk 0:01:46]} 22. Nc4 {[%clk 0:01:59]}  Nh7 {[%clk 0:01:32]} 23. Bf4 {[%clk 0:01:30]}  Bxc4 {[%clk 0:01:05]} 24. bxc4 {[%clk 0:01:29]}  g5 {[%clk 0:01:06]} 25. Be3 {[%clk 0:01:09]}  Rxe3 {[%clk 0:01:05]} 26. fxe3 {[%clk 0:01:08]}  Rxe3 {[%clk 0:01:05]} 27. Rd3 {[%clk 0:00:55]}  Qe7 {[%clk 0:00:59]} 28. Kh2 {[%clk 0:00:44]}  h4 {[%clk 0:00:39]} 29. Rxe3 {[%clk 0:00:22]}  Qxe3 {[%clk 0:00:39]} 30. Ne4 {[%clk 0:00:22]}  hxg3+ {[%clk 0:00:39]} 31. Kh1 {[%clk 0:00:17]}  Be5 {[%clk 0:00:27]} 32. Qd2 {[%clk 0:00:16]}  Qb3 {[%clk 0:00:18]} 33. Rc2 {[%clk 0:00:09]}  Bf4 {[%clk 0:00:16]} 34. Qd1 {[%clk 0:00:09]}  f5 {[%clk 0:00:15]} 35. Nc3 {[%clk 0:00:07]}  Nf6 {[%clk 0:00:15]} 36. Bf3 {[%clk 0:00:02]}  g4 {[%clk 0:00:13]} 37. hxg4 {[%clk 0:00:02]}  fxg4 {[%clk 0:00:14]} 38. Bg2 {[%clk 0:00:02]}  Be5 {[%clk 0:00:14]} 39. Ne4 {[%clk 0:00:02]}  Nxe4 {[%clk 0:00:14]} 40. Bxe4 {[%clk 0:00:03]}  Qe3 {[%clk 0:00:15]} 41. Bg2 {[%clk 0:00:02]}  Qh6+ {[%clk 0:00:15]} 42. Kg1 {[%clk 0:00:02]}  Bd4+ {[%clk 0:00:13]} 43. e3 {[%clk 0:00:00]}  Qxe3+ {[%clk 0:00:13]} 0-1

[Event "April 9 Early 2024"]
[Site "Chess.com"]
[Date "2024.04.09"]
[Round "10"]
[White "Seletsky, Grigory"]
[Black "Myagmarsuren, Evsuld"]
[Result "0-1"]
[Board "126"]
[WhiteFideId "14112191"]
[BlackFideId "1551639"]
[WhiteTitle "FM"]
[BlackTitle "CM"]
[WhiteElo "2519"]
[BlackElo "2357"]
[WhiteTeam "UKR"]
[BlackTeam "NOR"]
[WhiteClock "0:00:40"]
[BlackClock "0:00:45"]
[Variant "Standard"]

1. e4 {[%clk 0:02:57]}  c5 {[%clk 0:02:59]} 2. Nc3 {[%clk 0:02:55]}  d6 {[%clk 0:02:57]} 3. f4 {[%clk 0:02:52]}  Nf6 {[%clk 0:02:54]} 4. Bc4 {[%clk 0:02:50]}  a6 {[%clk 0:02:54]} 5. a4 {[%clk 0:02:49]}  Nbd7 {[%clk 0:02:52]} 6. Nf3 {[%clk 0:02:47]}  e6 {[%clk 0:02:51]} 7. d3 {[%clk 0:02:47]}  Be7 {[%clk 0:02:50]} 8. O-O {[%clk 0:02:47]}  O-O {[%clk 0:02:50]} 9. a5 {[%clk 0:02:45]}  b5 {[%clk 0:02:49]} 10. axb6 {[%clk 0:02:44]}  Nxb6 {[%clk 0:02:49]} 11. Bb3 {[%clk 0:02:41]}  d5 {[%clk 0:02:49]} 12. Qe1 {[%clk 0:02:36]}  dxe4 {[%clk 0:02:47]} 13. dxe4 {[%clk 0:02:33]}  Bb7 {[%clk 0:02:45]} 14. Kh1 {[%clk 0:02:30]}  h6 {[%clk 0:02:41]} 15. e5 {[%clk 0:02:24]}  Nfd5 {[%clk 0:02:40]} 16. Ne4 {[%clk 0:02:24]}  c4 {[%clk 0:02:38]} 17. Ba2 {[%clk 0:02:23]}  Nb4 {[%clk 0:02:38]} 18. Bb1 {[%clk 0:02:21]}  Qd5 {[%clk 0:02:34]} 19. c3 {[%clk 0:02:13]}  Nd3 {[%clk 0:02:33]} 20. Qe2 {[%clk 0:02:14]}  Qxe4 {[%clk 0:02:32]} 21. Qd2 {[%clk 0:02:10]}  Rfd8 {[%clk 0:02:21]} 22. Bc2 {[%clk 0:02:05]}  Bc5 {[%clk 0:02:02]} 23. h3 {[%clk 0:01:45]}  Qc6 {[%clk 0:01:52]} 24. Qe2 {[%clk 0:01:43]}  Nd5 {[%clk 0:01:49]} 25. Nh2 {[%clk 0:01:07]}  Nxc1 {[%clk 0:01:34]} 26. Raxc1 {[%clk 0:00:56]}  Ne3 {[%clk 0:01:34]} 27. Rf3 {[%clk 0:00:55]}  Nxc2 {[%clk 0:01:24]} 28. Qxc2 {[%clk 0:00:56]}  Qe4 {[%clk 0:01:20]} 29. Qa4 {[%clk 0:00:56]}  Rd2 {[%clk 0:01:09]} 30. Nf1 {[%clk 0:00:40]}  Qxf3 {[%clk 0:00:45]} 0-1

[Event "April 9 Early 2024"]
[Site "Chess.com"]
[Date "2024.04.09"]
[Round "10"]
[White "Toktomushev, Teimur"]
[Black "Filippova, Margarita"]
[Result "1-0"]
[Board "127"]
[WhiteFideId "14176726"]
[BlackFideId "34199680"]
[WhiteTitle "FM"]
[BlackTitle "WFM"]
[WhiteElo "2518"]
[BlackElo "2351"]
[WhiteTeam "SUI"]
[BlackTeam "RUS"]
[WhiteClock "0:00:06"]
[BlackClock "0:01:36"]
[Variant "Standard"]

1. d4 {[%clk 0:03:00]}  d5 {[%clk 0:02:58]} 2. c4 {[%clk 0:02:43]}  e6 {[%clk 0:02:39]} 3. Nc3 {[%clk 0:02:43]}  Nf6 {[%clk 0:02:37]} 4. cxd5 {[%clk 0:02:44]}  exd5 {[%clk 0:02:37]} 5. Bg5 {[%clk 0:02:44]}  Be7 {[%clk 0:02:37]} 6. e3 {[%clk 0:02:45]}  O-O {[%clk 0:02:36]} 7. Bd3 {[%clk 0:02:45]}  h6 {[%clk 0:02:37]} 8. Bh4 {[%clk 0:02:45]}  Nbd7 {[%clk 0:02:36]} 9. Nge2 {[%clk 0:02:32]}  Re8 {[%clk 0:02:35]} 10. O-O {[%clk 0:02:32]}  c6 {[%clk 0:02:35]} 11. Qc2 {[%clk 0:02:28]}  Ne4 {[%clk 0:02:35]} 12. Bxe7 {[%clk 0:02:14]}  Qxe7 {[%clk 0:02:36]} 13. Rae1 {[%clk 0:02:10]}  Ndf6 {[%clk 0:02:25]} 14. f3 {[%clk 0:02:10]}  Nxc3 {[%clk 0:02:18]} 15. Nxc3 {[%clk 0:02:10]}  c5 {[%clk 0:02:16]} 16. Qf2 {[%clk 0:01:44]}  cxd4 {[%clk 0:02:15]} 17. exd4 {[%clk 0:01:43]}  Qd8 {[%clk 0:02:15]} 18. Re5 {[%clk 0:01:39]}  Be6 {[%clk 0:02:12]} 19. Rfe1 {[%clk 0:01:38]}  a6 {[%clk 0:02:08]} 20. h3 {[%clk 0:01:30]}  b5 {[%clk 0:02:07]} 21. a3 {[%clk 0:01:25]}  Bd7 {[%clk 0:02:03]} 22. Nxd5 {[%clk 0:01:16]}  Nxd5 {[%clk 0:02:02]} 23. Rxd5 {[%clk 0:01:15]}  Rxe1+ {[%clk 0:02:03]} 24. Qxe1 {[%clk 0:01:15]}  Qe8 {[%clk 0:02:01]} 25. Qxe8+ {[%clk 0:00:55]}  Bxe8 {[%clk 0:02:02]} 26. Kf2 {[%clk 0:00:54]}  g6 {[%clk 0:01:57]} 27. Rc5 {[%clk 0:00:45]}  Rd8 {[%clk 0:01:56]} 28. Ke3 {[%clk 0:00:40]}  Kg7 {[%clk 0:01:56]} 29. d5 {[%clk 0:00:23]}  Kf6 {[%clk 0:01:55]} 30. Kd4 {[%clk 0:00:23]}  Ke7 {[%clk 0:01:54]} 31. Rc7+ {[%clk 0:00:18]}  Kd6 {[%clk 0:01:51]} 32. Ra7 {[%clk 0:00:17]}  Rc8 {[%clk 0:01:43]} 33. Rxa6+ {[%clk 0:00:15]}  Ke7 {[%clk 0:01:44]} 34. d6+ {[%clk 0:00:13]}  Ke6 {[%clk 0:01:40]} 35. d7+ {[%clk 0:00:07]}  Kxd7 {[%clk 0:01:39]} 36. Bxb5+ {[%clk 0:00:08]}  Ke7 {[%clk 0:01:40]} 37. Ra7+ {[%clk 0:00:07]}  Kf6 {[%clk 0:01:39]} 38. Bxe8 {[%clk 0:00:07]}  Rxe8 {[%clk 0:01:40]} 39. Kd3 {[%clk 0:00:05]}  Rd8+ {[%clk 0:01:39]} 40. Ke3 {[%clk 0:00:05]}  Rc8 {[%clk 0:01:39]} 41. Kd2 {[%clk 0:00:02]}  Rd8+ {[%clk 0:01:39]} 42. Ke2 {[%clk 0:00:02]}  Rc8 {[%clk 0:01:40]} 43. Rd7 {[%clk 0:00:03]}  Ke6 {[%clk 0:01:38]} 44. Rd2 {[%clk 0:00:04]}  Rb8 {[%clk 0:01:37]} 45. b4 {[%clk 0:00:04]}  Ra8 {[%clk 0:01:37]} 46. Rd3 {[%clk 0:00:03]}  h5 {[%clk 0:01:36]} 47. Ke3 {[%clk 0:00:02]}  Ke5 {[%clk 0:01:36]} 48. Rb3 {[%clk 0:00:02]}  Kd5 {[%clk 0:01:34]} 49. Kd3 {[%clk 0:00:03]}  Rd8 {[%clk 0:01:33]} 50. b5 {[%clk 0:00:02]}  Kc5+ {[%clk 0:01:33]} 51. Kc3 {[%clk 0:00:02]}  Rd6 {[%clk 0:01:32]} 52. b6 {[%clk 0:00:02]}  Rxb6 {[%clk 0:01:31]} 53. Rxb6 {[%clk 0:00:03]}  Kxb6 {[%clk 0:01:32]} 54. Kd4 {[%clk 0:00:03]}  Ka5 {[%clk 0:01:33]} 55. Ke5 {[%clk 0:00:04]}  Ka4 {[%clk 0:01:34]} 56. Kf6 {[%clk 0:00:04]}  Kxa3 {[%clk 0:01:34]} 57. Kxf7 {[%clk 0:00:05]}  g5 {[%clk 0:01:34]} 58. Kg6 {[%clk 0:00:05]}  g4 {[%clk 0:01:35]} 59. fxg4 {[%clk 0:00:06]}  hxg4 {[%clk 0:01:36]} 60. hxg4 {[%clk 0:00:05]}  Kb4 {[%clk 0:01:37]} 61. Kf6 {[%clk 0:00:05]}  Kc5 {[%clk 0:01:38]} 62. g5 {[%clk 0:00:06]}  Kd6 {[%clk 0:01:36]} 63. g6 {[%clk 0:00:06]} 1-0